Konkretizácia menového programu NBS na rok 1999
Konkretizáciou menového programu Národná banka Slovenska reaguje na zavedené hospodárske opatrenia vlády. Vývoj fiškálneho hospodárenia. Rast miery inflácie. Rast hrubého domáceho produktu. Bežný účet platobnej bilancie. Kurzová politika.
Salvato in:
| Natura: | Capitolo di libro |
|---|---|
| Lingua: | slovacco |
| Soggetti: | |
| Tags: |
Nessun Tag, puoi essere il primo ad aggiungerne!!
|
MARC
| LEADER | 00000naa a2200000 4500 | ||
|---|---|---|---|
| 001 | r035694 | ||
| 005 | 20041019155605.3 | ||
| 041 | 0 | |a slo | |
| 044 | |a SK | ||
| 245 | 1 | 0 | |a Konkretizácia menového programu NBS na rok 1999 |
| 520 | |a Konkretizáciou menového programu Národná banka Slovenska reaguje na zavedené hospodárske opatrenia vlády. Vývoj fiškálneho hospodárenia. Rast miery inflácie. Rast hrubého domáceho produktu. Bežný účet platobnej bilancie. Kurzová politika. | ||
| 610 | 2 | 0 | |a program menový |
| 610 | 2 | 0 | |a NBS Bratislava |
| 610 | 2 | 0 | |a politika fiškálna |
| 610 | 2 | 0 | |a miera inflácie |
| 610 | 2 | 0 | |a produkt domáci hrubý |
| 610 | 2 | 0 | |a účty bežné |
| 610 | 2 | 0 | |a bilancia platobná |
| 610 | 2 | 0 | |a kurz výmenný |
| 610 | 2 | 0 | |a 1999 |